000 00829nam a2200229 i 4500
001 167917
003 ES-MaACL
005 20250815062652.0
008 931025s1900 sp |||| | spa d
100 1 _aWharton, Edith (
_d1862-1937)
_9116611
245 1 4 _aLos millonarios de los Estados Unidos o El país del placer
_b: estudio social /
_cpor Edith Wharton.
260 _aMadrid :
_bLa España Moderna,
_c[s.a.]
300 _a340 p. ;
_c24 cm.
490 1 _aBiblioteca de jurisprudencia, filosofía e historia
650 4 _aBienestar social-
_zEstados Unidos.
_910561
710 2 _aLa España Moderna.
_9134611
740 3 2 _aEl país del placer.
752 _aEspaña -
_dMadrid
830 0 0 _aBiblioteca de jurisprudencia, filosofía e historia
_9180691
852 _aES-MaACL
_jA-4577
_z- rust.
999 _c167917
_d167917